Envirautom zborník vedeckých prác environmentalistiky a riadenia procesov
| Format: | Journal |
|---|---|
| Language: | Slovak |
| PhysicalDescription: | [6 zv.] 20 cm |
| Published: |
Košice
Technická univerzita
[1996-2001]
|
| ISBN: | 8070993952 808896413X 8070996005 |
| Subjects: |
MARC
| LEADER | 00000cas a2200000 a 4500 | ||
|---|---|---|---|
| 001 | vtls001364677 | ||
| 003 | SK-MaSNL | ||
| 005 | 20260228155742.0 | ||
| 008 | 160415d19962001xo ar|p r 0 0 0slo | ||
| 015 | |a SNBA2001/03-00720 (r. 1998) |a SNBA2001/03-00832 (r. 1999) |a SNBA2001/08-02695 (r. 2000) | ||
| 020 | |a 8070993952 | ||
| 020 | |a 808896413X | ||
| 020 | |a 8070996005 | ||
| 035 | |a SNK000318325 | ||
| 040 | |a SNK |b slo |c SNK |e AACR2 | ||
| 041 | 0 | |a slo | |
| 044 | |a xo |c SK | ||
| 072 | 7 | |a 502 |x Životné prostredie a jeho ochrana |2 konspekt | |
| 072 | 7 | |a 005 |x Manažment. Riadenie |2 konspekt | |
| 080 | |a 502/504 |2 2011 | ||
| 080 | |a 502.2 |2 2011 | ||
| 080 | |a 004.451.2 |2 2011 | ||
| 080 | |a 005.5 |2 2011 | ||
| 080 | |a 502.13 |2 2011 | ||
| 080 | |a (082) |2 2011 | ||
| 080 | |a 050 |2 2011 | ||
| 245 | 0 | 0 | |a Envirautom |b zborník vedeckých prác environmentalistiky a riadenia procesov |c Technická univerzita v Košiciach. |b Strojnícka fakulta |
| 260 | |a Košice |b Technická univerzita |c [1996-2001] | ||
| 300 | |a [6 zv.] |c 20 cm | ||
| 362 | 0 | |a [1996-2001] | |
| 504 | |a Bibliogr. odkazy | ||
| 650 | 0 | 7 | |a životné prostredie |2 SNKPH |9 786 |
| 650 | 0 | 7 | |a environmentalistika |2 SNKPH |9 787 |
| 650 | 0 | 7 | |a manažment procesov |2 SNKPH |9 79020 |
| 650 | 0 | 7 | |a environmentálny manažment |2 SNKPH |9 3638 |
| 655 | 7 | |a zborníky |2 SNKPH |9 70165 | |
| 710 | 2 | |a Technická univerzita v Košiciach. |b Strojnícka fakulta |4 pbl |9 178287 | |
| 910 | |a snk | ||
| 919 | |a 80-7099-395-2 | ||
| 919 | |a 80-88964-13-X | ||
| 919 | |a 80-7099-600-5 | ||
| 999 | |c 421 |d 421 | ||
| 952 | |0 0 |1 0 |4 0 |7 0 |a SNK |b SNK |d 2001-05-14 |i snkKSP 6008/2001 |l 0 |o snkČSD 2198/5/1999/2000 D1 |p 17A0300973 |r 2005-01-02 00:00:00 |w 2026-02-21 |y PREZ | ||
| 952 | |0 0 |1 0 |4 0 |7 0 |a SNK |b SNK |d 2001-01-08 |i snkKSP 351/2001 |l 0 |o snkČSD 2198/4/1999 |p 17A0264617 |r 2005-01-02 00:00:00 |w 2026-02-21 |y PREZ | ||
| 952 | |0 0 |1 0 |4 0 |7 0 |a SNK |b SNK |d 2001-01-08 |i snkKSP 352/2001 |l 0 |o snkČSD 2198/4/1999 D1 |p 17A0264618 |r 2005-01-02 00:00:00 |w 2026-02-21 |y PREZ | ||
| 952 | |0 0 |1 0 |4 0 |7 0 |a SNK |b SNK |d 2001-05-14 |i snkKSP 6007/2001 |l 0 |o snkČSD 2198/5/1999/2000 |p 17A0300974 |r 2005-01-02 00:00:00 |w 2026-02-21 |y PREZ | ||
| 952 | |0 0 |1 0 |4 0 |7 0 |a SNK |b SNK |d 2001-01-08 |i snk32/20010109 |l 0 |o snkC 22 |r 2005-01-02 00:00:00 |t P60, <09>, [BOOK], {629} |w 2026-02-21 |y NEVYP | ||
| 952 | |0 0 |1 0 |4 0 |7 0 |a SNK |b SNK |d 2001-01-08 |i snkKSP 349/2001 |l 0 |o snkČSD 2198/3/1998 |p 17A0264615 |r 2005-01-02 00:00:00 |w 2026-02-21 |y PREZ | ||
| 952 | |0 0 |1 0 |4 0 |7 0 |a SNK |b SNK |d 2001-01-08 |i snkKSP 350/2001 |l 0 |o snkČSD 2198/3/1998 D1 |p 17A0264616 |r 2005-01-02 00:00:00 |w 2026-02-21 |y PREZ | ||


